| 000 | 00786nam a2200205 a 4500 | ||
|---|---|---|---|
| 003 | 0 | ||
| 005 | 20250314083234.0 | ||
| 008 | 071127s19uu xx 00 eng d | ||
| 050 |
_aPGS QR 82.B3 _b.Z94 2007 |
||
| 100 | _aZulueta, Jose Angelo B. | ||
| 245 |
_aThe effects of Bacillus thuringiensis on Drosophila melanogaster / _cJose Angelo B. Zulueta. |
||
| 260 |
_aLas PiƱas City, Philippines : _bSouthville International School and Colleges, _c2007. |
||
| 300 |
_a36 pages : _billustrations ; _c28 cm. |
||
| 504 | _aIncludes bibliographical references. | ||
| 650 |
_aBacillus thuringiensis _vToxicology. |
||
| 650 |
_aDrosophila melanogaster _vEffect of pesticides on. |
||
| 650 |
_aBiological pest control _vBacteria. |
||
| 650 | _aInsect microbiology. | ||
| 942 |
_2lcc _cPASS |
||
| 999 |
_c97785 _d97785 |
||